Music Quiz

Random Music or Lyrics Quiz

1901 by Phoenix Lyrics Quiz Stats

 Plays Quiz not verified by Sporcle

Challenge
Share
Tweet
Embed
Score 0/230 Timer 07:00
0 Plays Today
Answer % Correct
and
96.3%
the
96.3%
a
96.3%
the
96.3%
a
96.3%
And
96.3%
and
96.3%
and
96.3%
a
96.3%
a
96.3%
the
96.3%
And
96.3%
and
96.3%
a
96.3%
And
96.3%
you
91.3%
you
91.3%
you
91.3%
it
91.3%
you
91.3%
it
91.3%
it
91.3%
it
91.3%
it
91.3%
you
91.3%
it
91.3%
it
91.3%
it
91.3%
it.
91.3%
you
91.3%
it
91.3%
you
91.3%
you
91.3%
it
91.3%
it
91.3%
it
91.3%
it
91.3%
it
91.3%
it
91.3%
it
91.3%
it
91.3%
it's
88.8%
It's
88.8%
it's
88.8%
It's
88.8%
so
88.8%
it’s
88.8%
it’s
88.8%
it’s
88.8%
so
88.8%
No
87.5%
no
87.5%
out.
86.3%
not
86.3%
out.
86.3%
not
86.3%
not
86.3%
out
86.3%
not
86.3%
fall
82.5%
fall
82.5%
to
81.3%
to
81.3%
we
80%
we
80%
1901
80%
we
80%
we
80%
away
77.5%
hey
77.5%
hey
77.5%
hey
77.5%
hey
77.5%
hey
77.5%
hey
77.5%
hey
77.5%
hey
77.5%
Answer % Correct
hey
77.5%
hey
77.5%
hey
77.5%
hey
77.5%
away
77.5%
hey
77.5%
hey
77.5%
hey
77.5%
hey
77.5%
hey
77.5%
hey
77.5%
hey
77.5%
hey
77.5%
hey
77.5%
hey
77.5%
hey
77.5%
hey
77.5%
last
76.3%
miracle
76.3%
last
76.3%
miracle
76.3%
Past
73.8%
present
73.8%
say
73.8%
say
73.8%
seconds
73.8%
call
73.8%
Past
73.8%
present
73.8%
seconds
73.8%
call
73.8%
know
72.5%
needed
72.5%
know
72.5%
needed
72.5%
Think
71.3%
what
71.3%
what
71.3%
think
71.3%
Think
71.3%
think
71.3%
think
71.3%
in
70%
for
70%
twenty
70%
til
70%
more
70%
I'll
70%
ask
70%
For
70%
twenty
70%
til
70%
ask
70%
more
70%
is
68.8%
is
68.8%
how
67.5%
how
67.5%
drifting
66.3%
sorted
66.3%
Going
66.3%
going
66.3%
drifting
66.3%
Going
66.3%
Going
66.3%
now
65%
minute
65%
anything
65%
be
65%
minute
65%
be
65%
anything
65%
all
63.8%
ideas
62.5%
complicated
62.5%
I
62.5%
I
62.5%
Answer % Correct
wouldn't
62.5%
let
62.5%
your
62.5%
I
62.5%
I
62.5%
I
62.5%
let
62.5%
Watch
61.3%
couldn't
61.3%
Watch
61.3%
way
60%
too
60%
tell
60%
over
60%
tell
60%
over
60%
they
58.8%
easy
57.5%
easy
57.5%
don't
56.3%
summer
56.3%
summer
56.3%
thought
55%
long.
55%
thought
55%
long
55%
Like
53.8%
Fold
53.8%
fold
53.8%
fold
53.8%
fold
53.8%
Fold
53.8%
fold
53.8%
fold
53.8%
fold
53.8%
Like
53.8%
Fold
53.8%
fold
53.8%
fold
53.8%
fold
53.8%
fold
53.8%
fold
53.8%
fold
53.8%
fold
53.8%
future's
52.5%
did
52.5%
did
52.5%
Girlfriend
51.3%
girlfriend
51.3%
overrated
51.3%
matter
50%
Counting
48.8%
different
48.8%
moving
48.8%
down
47.5%
1855
47.5%
down
47.5%
elliptical
46.3%
them
46.3%
patterns
41.3%
Lie
40%
Lie
40%
Anyway
38.8%
material
37.5%
gonna
37.5%
stay
37.5%
built
33.8%
tower
33.8%
oh
30%
up
30%
her
23.8%
wouldn’t
1.3%
couldn’t
0%
it’s
0%
I’ll
0%
It’s
0%

You're not logged in!

Compare scores with friends on all Sporcle quizzes.
OR
Log In

You Might Also Like...

Show Comments

Extras

Top Quizzes Today


Score Distribution

Your Account Isn't Verified!

In order to create a playlist on Sporcle, you need to verify the email address you used during registration. Go to your Sporcle Settings to finish the process.

Report this User

Report this user for behavior that violates our Community Guidelines.

Details: